[Event "Sao Paulo it"]
[Site "Sao Paulo"]
[Date "1983.03.??"]
[Round "5"]
[White "Borghi, Humberto"]
[Black "Sunye Neto, Jaime"]
[Result "0-1"]
[WhiteElo "2360"]
[BlackElo "2480"]
[PlyCount "110"]
[EventDate "1983.03.12"]
[EventType "tourn"]
[EventRounds "10"]
[EventCountry "BRA"]
[SourceTitle "EXT 2022"]
[Source "ChessBase"]
[SourceDate "2021.10.06"]
[SourceVersion "1"]
[SourceVersionDate "2021.10.06"]
[SourceQuality "1"]

1. e4 c5 2. Nf3 d6 3. d4 cxd4 4. Nxd4 Nf6 5. Nc3 a6 6. Be3 e5 7. Nb3 Be6 8. Qd2 Nbd7 9. f3 Qc7 10. g4 h6 11. h4 Nb6 12. Qf2 Nfd7 13. h5 Rc8 14. 0-0-0 Be7 15. Rh2 Qd8 16. Kb1 Rxc3 17. bxc3 Na4 18. Qd2 b5 19. Ka1 Qc7 20. c4 bxc4 21. Qa5 Qc6 22. Nd2 Bd8 23. Qb4 a5 24. Qa3 Be7 25. c3 Nf6 26. Rb1 d5 27. Qc1 Bd6 28. Be2 d4 29. Nxc4 0-0 30. Nxd6 Qxd6 31. cxd4 Rc8 32. Qd2 exd4 33. Bf4 Qa3 34. Ba6 Rc3 35. g5 d3 36. g6 Nd7 37. Qe3 Nac5 38. Bd6 Nb3+ 39. Rxb3 Rc1+ 40. Rb1 Rxb1+ 41. Kxb1 Qxd6 42. Rd2 Qxa6 43. Qxd3 Qb6+ 44. Ka1 Qc5 45. Rc2 Qg1+ 46. Kb2 Qb6+ 47. Ka1 fxg6 48. f4 Nc5 49. Qe2 Qb4 50. hxg6 Qd4+ 51. Kb1 Nxe4 52. Qe1 Bf5 53. Qxa5 Nc3+ 54. Kb2 Nd5+ 55. Ka3 Qd3+ 0-1

[Event "ARG-ch58"]
[Site "Buenos Aires"]
[Date "1983.03.??"]
[Round "9"]
[White "Giardelli, Sergio Carlos"]
[Black "Borghi, Humberto"]
[Result "0-1"]
[WhiteElo "2430"]
[BlackElo "2360"]
[PlyCount "62"]
[EventDate "1983.03.??"]
[EventType "tourn"]
[EventRounds "13"]
[EventCountry "ARG"]
[EventCategory "3"]
[SourceTitle "MCD"]
[Source "ChessBase"]
[SourceDate "1999.07.01"]
[SourceVersion "1"]
[SourceVersionDate "1999.07.01"]
[SourceQuality "1"]

1. g3 e5 2. Bg2 d5 3. c4 dxc4 4. Qa4+ Nd7 5. Nf3 Bd6 6. Na3 Ne7 7. Nxc4 Nc6 8. 0-0 Nc5 9. Qa3 Qe7 10. Nxd6+ cxd6 11. d4 exd4 12. Bf4 0-0 13. Rfd1 Re8 14. Nxd4 Nxd4 15. Rxd4 Qxe2 16. Bf3 Qc2 17. Rd2 Qf5 18. Rd5 Qc2 19. Rd2 Qf5 20. Rxd6 Ne4 21. Rd4 Ng5 22. Bxg5 Qxg5 23. h4 Qf6 24. Rad1 h6 25. Rf4 Qb6 26. Bd5 Be6 27. Rb4 Qc5 28. Rxb7 Qxa3 29. bxa3 Rad8 30. Bb3 Rxd1+ 31. Bxd1 Bd5 0-1